000 00409 a2200157 4500
005 20250506120802.0
020 _a0-538-01940-9
082 _a658.151 MOO
100 _aMOORE, C. L.
245 _aManagerial Accounting
250 _a5th Ed.
260 _aWest Chicago,
_bSouth-Western Publishing CO,
_c1980,
300 _ax, 561p.: ill.; table.
_bIndex.
_c24cm.
700 _aJAEDICKE, R. K.
942 _2ddc
_cBKS
999 _c2018
_d2018